[Event "Mecklenburg VP LL2 West 2223"]
[Site "Mecklenburg VP"]
[Date "2023.03.19"]
[Round "7.3"]
[White "Lippitz, Jaden"]
[Black "Braun, Regine"]
[Result "1-0"]
[WhiteElo "1481"]
[BlackElo "2005"]
[PlyCount "47"]
[EventDate "2022.10.23"]
[EventType "team-tourn"]
[EventRounds "9"]
[EventCountry "GER"]
[SourceTitle "EXT 2024"]
[Source "ChessBase"]
[SourceDate "2023.10.10"]
[SourceVersion "1"]
[SourceVersionDate "2023.10.10"]
[SourceQuality "1"]
[WhiteTeam "Guestrow/Teterow II"]
[BlackTeam "Parchim SV Blau-Weiss 69"]
[WhiteTeamCountry "GER"]
[BlackTeamCountry "GER"]

1. e4 g6 2. d4 Bg7 3. c4 d6 4. Nc3 Nf6 5. Be3 0-0 6. f3 Nc6 7. Qd2 e5 8. d5 Ne7 9. Bh6 Nh5 10. g4 Bxh6 11. Qxh6 Nf5 12. exf5 Qh4+ 13. Kd2 Qf2+ 14. Be2 Qd4+ 15. Kc2 Re8 16. gxh5 Bxf5+ 17. Kc1 e4 18. hxg6 fxg6 19. Qd2 Qf2 20. fxe4 Bxe4 21. Nxe4 Rxe4 22. Kc2 Rae8 23. Bd3 Qd4 24. Nf3 1-0

[Event "Mecklenburg VP-ch U12"]
[Site "Malchow"]
[Date "2018.02.07"]
[Round "3.1"]
[White "Lippitz, Jaden"]
[Black "Gressler, Christian"]
[Result "0-1"]
[WhiteElo "1122"]
[BlackElo "1290"]
[PlyCount "48"]
[EventDate "2018.02.07"]
[EventType "swiss"]
[EventRounds "7"]
[EventCountry "GER"]
[SourceTitle "EXT 2022"]
[Source "ChessBase"]
[SourceDate "2021.10.06"]
[SourceVersion "1"]
[SourceVersionDate "2021.10.06"]
[SourceQuality "1"]

1. e4 e6 2. d4 d5 3. exd5 exd5 4. Bd3 Nf6 5. Bf4 Bd6 6. Bxd6 Qxd6 7. Nf3 0-0 8. 0-0 Nc6 9. c3 Re8 10. Nbd2 Bg4 11. h3 Bh5 12. Qc2 Re7 13. Rfe1 Rae8 14. Re3 Rxe3 15. fxe3 Rxe3 16. Nh4 Bg6 17. Bxg6 hxg6 18. Ndf3 Qf4 19. Qf2 Ne4 20. Qf1 g5 21. Ne5 Qxf1+ 22. Rxf1 gxh4 23. Rf4 Nxe5 24. dxe5 g5 0-1

[Event "Mecklenburg VP-ch U12"]
[Site "Malchow"]
[Date "2018.02.07"]
[Round "1.8"]
[White "Lippitz, Jaden"]
[Black "Hermes, Louis"]
[Result "1-0"]
[WhiteElo "1122"]
[BlackElo "1361"]
[PlyCount "63"]
[EventDate "2018.02.07"]
[EventType "swiss"]
[EventRounds "7"]
[EventCountry "GER"]
[SourceTitle "EXT 2022"]
[Source "ChessBase"]
[SourceDate "2021.10.06"]
[SourceVersion "1"]
[SourceVersionDate "2021.10.06"]
[SourceQuality "1"]

1. d4 d5 2. c4 Nf6 3. Nc3 e6 4. Nf3 Bb4 5. Bd2 Nc6 6. a3 Ba5 7. b4 Bb6 8. c5 Bxc5 9. bxc5 b6 10. Bf4 Ba6 11. Qa4 Bb7 12. Ne5 0-0 13. Nxc6 Qd7 14. Ne5 Qe7 15. Rb1 Rab8 16. Qxa7 Ba8 17. cxb6 cxb6 18. Qxe7 Rb7 19. Qd6 Rfb8 20. Nc6 Ne8 21. Ne7+ Kh8 22. Qxb8 Rxb8 23. Bxb8 h6 24. e3 g6 25. Rxb6 Kh7 26. Bf4 Nf6 27. Rb8 Bc6 28. Nxc6 Ng8 29. Be5 f6 30. Rb7+ Kh8 31. Bd3 g5 32. Rh7# 1-0

[Event "Mecklenburg VP-ch U12"]
[Site "Malchow"]
[Date "2018.02.07"]
[Round "2.4"]
[White "Schott, Andy"]
[Black "Lippitz, Jaden"]
[Result "0-1"]
[WhiteElo "1080"]
[BlackElo "1122"]
[PlyCount "66"]
[EventDate "2018.02.07"]
[EventType "swiss"]
[EventRounds "7"]
[EventCountry "GER"]
[SourceTitle "EXT 2022"]
[Source "ChessBase"]
[SourceDate "2021.10.06"]
[SourceVersion "1"]
[SourceVersionDate "2021.10.06"]
[SourceQuality "1"]

1. e4 e5 2. Nf3 Nc6 3. Bc4 Nf6 4. Ng5 d5 5. exd5 Nxd5 6. Nxf7 Kxf7 7. Qf3+ Ke6 8. Nc3 Ncb4 9. Qe4 c6 10. a3 Na6 11. d4 Qd6 12. Bf4 Kd7 13. Bxe5 Nxc3 14. Qf5+ Kd8 15. Qxc8+ Kxc8 16. Bxd6 Bxd6 17. bxc3 Nc7 18. 0-0 Nd5 19. Bxd5 cxd5 20. Rfe1 Kd7 21. Rab1 b6 22. a4 Rhe8 23. g3 Rxe1+ 24. Rxe1 Re8 25. Rxe8 Kxe8 26. f4 Ba3 27. Kf2 Bb2 28. c4 Bxd4+ 29. Kf3 dxc4 30. g4 a6 31. Ke4 Bg1 32. h3 b5 33. axb5 a5 0-1

[Event "Mecklenburg VP-ch Youth"]
[Site "Malchow"]
[Date "2017.02.08"]
[Round "7.4"]
[White "Willam, Max Bastian"]
[Black "Lippitz, Jaden"]
[Result "0-1"]
[WhiteElo "835"]
[BlackElo "943"]
[PlyCount "60"]
[EventDate "2017.02.08"]
[EventType "swiss"]
[EventRounds "7"]
[EventCountry "GER"]
[SourceTitle "EXT 2022"]
[Source "ChessBase"]
[SourceDate "2021.10.06"]
[SourceVersion "1"]
[SourceVersionDate "2021.10.06"]
[SourceQuality "1"]

1. e4 e5 2. Nf3 Nc6 3. Bc4 Bc5 4. Nc3 Nf6 5. 0-0 0-0 6. d3 h6 7. Be3 Bxe3 8. fxe3 d6 9. a3 Ng4 10. Qe2 Ne7 11. h3 Nf6 12. d4 Ng6 13. Rad1 exd4 14. Rxd4 c5 15. Rdd1 Be6 16. Bxe6 fxe6 17. e5 Ne8 18. Ne4 Qb6 19. b3 dxe5 20. Qc4 Rc8 21. Qc3 Nf6 22. Nxe5 Nxe4 23. Rxf8+ Rxf8 24. Qb2 Nxe5 25. Qxe5 Ng5 26. Rd7 Rf7 27. Qb8+ Kh7 28. Rd8 Qc7 29. Rh8+ Kg6 30. Qxa7 Nxh3+ 0-1

[Event "Mecklenburg VP U10"]
[Site "Malchow"]
[Date "2016.02.04"]
[Round "2.3"]
[White "Ivanov, Alexander6666"]
[Black "Lippitz, Jaden"]
[Result "0-1"]
[WhiteElo "809"]
[BlackElo "990"]
[PlyCount "40"]
[EventDate "2016.02.02"]
[EventType "swiss"]
[EventRounds "7"]
[EventCountry "GER"]
[SourceTitle "EXT 2024"]
[Source "ChessBase"]
[SourceDate "2023.10.10"]
[SourceVersion "1"]
[SourceVersionDate "2023.10.10"]
[SourceQuality "1"]

1. d4 d5 2. c4 e6 3. Nc3 Nf6 4. Bg5 Be7 5. e3 Nc6 6. Bd3 dxc4 7. Bxc4 0-0 8. Nf3 h6 9. Bh4 Nb4 10. 0-0 Bd7 11. a3 Nbd5 12. Nxd5 Nxd5 13. Qd3 Bxh4 14. Nxh4 Qxh4 15. Bb3 Nf6 16. Bc2 a6 17. e4 Bb5 18. g3 Qh3 19. Qe3 Ng4 20. Qf3 Qxh2# 0-1

[Event "Mecklenburg VP U10"]
[Site "Malchow"]
[Date "2016.02.02"]
[Round "3.2"]
[White "Lippitz, Jaden"]
[Black "Bress, Amy Charlize"]
[Result "0-1"]
[WhiteElo "990"]
[BlackElo "1043"]
[PlyCount "37"]
[EventDate "2016.02.02"]
[EventType "swiss"]
[EventRounds "7"]
[EventCountry "GER"]
[SourceTitle "EXT 2024"]
[Source "ChessBase"]
[SourceDate "2023.10.10"]
[SourceVersion "1"]
[SourceVersionDate "2023.10.10"]
[SourceQuality "1"]

1. e4 c5 2. Nf3 a6 3. Bc4 Nf6 4. Ng5 d5 5. exd5 Nxd5 6. Qf3 Be6 7. Bxd5 Bxd5 8. Qf4 h6 9. Nf3 e6 10. Ne5 f6 11. Ng6 Bd6 12. Qh4 Rg8 13. f3 Nd7 14. Nc3 Bc6 15. d3 Ne5 16. Qh5 Kd7 17. Bf4 Nxg6 18. Bxd6 Kxd6 19. Qxg6 0-1